Football Stadiums by City (Past and Present) - Statistics

General Stats
  • This quiz has been taken 16 times
  • The average score is 13 of 26
Answer Stats
Hint Answer % Correct
São Januário | Maracaña Rio de Janeiro (BRA)
93%
Craven Cottage | White Hart Lane London (ENG)
87%
Sébastien Charléty | Parc des Princes Paris (FRA)
87%
José Alvalade | Estádio da Luz Lisbon (POR)
80%
Stadion Wojska Polskiego | Stadion Narodowy Warsaw (POL)
80%
Hampden Park | Ibrox Stadium Glasgow (SCO)
73%
Misr | Osman Ahmed Osman Cairo (EGY)
67%
Rams Park | Şükrü Saracoğlu Istanbul (TUR)
60%
De Kuip | Het Kasteel Rotterdam (NET)
60%
Estadio Monumental | Alejandro Villanueva Lima (PER)
53%
Campeón del Siglo | Gran Parque Central Montevideo (URU)
53%
Ramón Sánchez Pizjuán | Benito Villamarín Seville (SPA)
53%
Stadio delle Alpi | Stadio Olimpico Turin (ITA)
53%
Guangdong Olympic | Tianhe Guangzhou (CHI)
47%
Millerntor-Stadion | Volksparkstadion Hamburg (GER)
47%
Soccer City | Ellis Park Johannesburg (SAF)
47%
Monumental de Barcelona | George L. Capwell Guayaquil (ECU)
40%
Defensores del Chaco | General Pablo Rojas Asunción (PAR)
33%
Al-Shaab | Al-Madina Baghdad (IRQ)
33%
Ali La Pointe | Stade du 5 Juillet Algiers (ALG)
27%
Mohammed V | Larbi Zaouli Casablanca (MOR)
27%
Stade du 26-mars | Modibo Kéïta Bamako (MAL)
20%
Estadio de Palmaseca | Olímpico Pascual Guerrero Cali (COL)
20%
Estádio 11 de Novembro | Estádio da Cidadela Luanda (ANG)
20%
Ahmadou Ahidjo | Olembe Yaoundé (CAM)
20%
Libertadores de América | El Cilindro Avellaneda (ARG)
13%
No matching quizzes found
Score Distribution
Percent of People with Each Score
Percentile by Number Answered
Your Score History
You have not taken this quiz